NMR analýza opotrebovaných motorových olejov.
Uložené v:
| Hlavný autor: | |
|---|---|
| Ďalší autori: | |
| Médium: | Rukopis Kniha |
| Jazyk: | Slovak |
| Vydavateľské údaje: |
2015
|
| Predmet: | |
| On-line prístup: | http://is.stuba.sk/zp/portal_zp.pl?podrobnosti=101750 |
| Tagy: |
Žiadne tagy, Buďte prvý, kto otaguje tento záznam!
|
MARC
| LEADER | 00000ntm a22000003a 4500 | ||
|---|---|---|---|
| 001 | stuzp53093 | ||
| 003 | SK-STU | ||
| 005 | 20160719154358.5 | ||
| 007 | ta | ||
| 008 | 150427s2015----xo-----f-mn---000-0-slo-d | ||
| 040 | |a STU |b slo | ||
| 041 | 0 | |a slo | |
| 100 | 1 | |a Šimún, Jozef |u 041630 |4 aut |U FCHPT Ústav analytickej chémie |T FCHPT Oddelenie NMR a hmotnostnej spektrometrie |X 61194 |U C1630 |Y 109 |7 61194 | |
| 242 | 0 | 1 | |a NMR analysis of used motor oils |y eng |
| 245 | 1 | 0 | |a NMR analýza opotrebovaných motorových olejov. |
| 260 | |c 2015 | ||
| 650 | 4 | |a opotrebované motorové oleje (OMO) |2 slo | |
| 650 | 4 | |a polycyklické aromatické uhľovodíky (PAH) |2 slo | |
| 650 | 4 | |a NMR metóda |2 slo | |
| 650 | 4 | |a polycyclic aromatic hydrocarbons (PAH) |2 eng | |
| 650 | 4 | |a used motor oil (UMO) |2 eng | |
| 650 | 4 | |a NMR method |2 eng | |
| 700 | 1 | |a Liptaj, Tibor |4 ths |X 3312 |7 A000003312 | |
| 856 | 4 | |u http://is.stuba.sk/zp/portal_zp.pl?podrobnosti=101750 | |
| SQL | |a stuzp53093 |b DBP |c SLO |d NMR analýza opotrebovaných motorových olejov. |e 61194 |f Šimún, Jozef |g 041630 |h 3312 |i Liptaj, Tibor |j 20150713 |k 753 |l 04 |m http://is.stuba.sk/zp/portal_zp.pl?podrobnosti=101750 |n B-CHEMAT |o 4.1.14. chémia, 5.2.18. chemické technológie | ||